Die Beile in Polen. - München : Beck [Rezension]
| Titel: | Die Beile in Polen. - München : Beck [Rezension] |
|---|---|
| Verfasser: | |
| In: |
Prähistorische Zeitschrift, Band 81 (2006), Seite 253 alle Artikel anzeigen |
| Veröffentlicht: | 2006 |
| Format: | Aufsatz |
| Sprache: | Deutsch |
X
alg: 39497885
001A $01999:12-11-16
001B $01999:04-08-21 $t21:01:02.000
001D $01999:12-11-16
001U $0utf8
001X $00
002@ $0Aox
003@ $0394978854
007A $0394978854 $aHEB
007T $0Herdc0055135m
010@ $ager
011@ $a2006
021A $aDie @Beile in Polen. - München : Beck [Rezension]
028A $aHänsel $dBernhard
031A $d81 $h253 $j2006
039B $aIn $8--Abvc--. Prähistorische Zeitschrift. - Berlin {[u.a.] : de Gruyter, 1909-. - ISSN 0079-4848 $x200600000810000747 $9047249722
039T $8--Acu--. Die @Beile in Polen. - München : Beck, 1987-2004 $9004611667
045F $a900.9438 $eDDC23BSB
045F/01 $a900
045F/03 $g438
045T $a6,11
lok: 39497885 78
exp: 39497885 78 1 #EPN
201B/01 $018-11-16 $t13:19:43.000
201U/01 $0utf8
203@/01 $0791277453
208@/01 $a12-11-16 $be
209A/01 $a/ $f000 $x00
220C/01 $aTitelaufnehmer: wr
220C/01 $aHerkunft: HI Marburg
244Z/01 $2Trx $#Poola $#Lenkija $#Polija $#Polen Land $#Poland $#Lengyelország $#Poľsko $#Polsko $8--Trx--Polska$gkraj $x01 $9391345966
244Z/01 $2Trx $#arvustused $#recenzijos $#Reviews $#recenziók $#recenzje $#recenzie $#recenze $8--Trx--Rezensionen $x02 $9391357441
247C/01 $82080>Marburg/Lahn, Herder-Institut, Forschungsbibliothek, Bibliographieportal $9336309341
| LEADER | 00000caa a22000002c 4500 | ||
|---|---|---|---|
| 001 | 394978854 | ||
| 003 | DE-603 | ||
| 005 | 20210804210102.0 | ||
| 007 | tu | ||
| 008 | 161112s2006 xx |||| | u00||u|ger c | ||
| 035 | |a (DE-599)HEB394978854 | ||
| 040 | |a DE-603 |b ger |c DE-603 |d DE-603 | ||
| 041 | |a ger | ||
| 082 | 0 | 4 | |8 1\u |a 900.9438 |q DE-101 |2 23/BSB |
| 084 | |a 6,11 |2 ssgn | ||
| 085 | |8 1\u |b 900 | ||
| 085 | |8 1\u |z 2 |s 438 | ||
| 100 | 1 | |a Hänsel, Bernhard | |
| 245 | 0 | 0 | |a Die Beile in Polen. - München : Beck [Rezension] |
| 264 | 0 | |c 2006 | |
| 773 | 0 | 8 | |i In |t Prähistorische Zeitschrift |d Berlin [u.a.] : de Gruyter, 1909- |x 0079-4848 |g Band 81 (2006), Seite 253 |w (DE-603)047249722 |w (DE-600)200096-9 |
| 787 | 0 | 8 | |i Rezension von |t Die Beile in Polen |d München : Beck, 1987-2004 |w (DE-603)004611667 |
| 924 | 0 | |9 2080 |a (DE-603)791277453 |b DE-2080 |c HES |d d |g / | |


